| 000 | 00913cab a22002055a 4500 | ||
|---|---|---|---|
| 001 | L149142 | ||
| 008 | 100115s2009 xxk 000 0 eng d | ||
| 035 | _a(Sirsi) u149142 | ||
| 041 | 0 | _aeng | |
| 100 | 1 | _aFallows, Claire | |
| 245 | 0 | 0 |
_aAccess denied _bprotecting development sites from public access rights |
| 260 | _c2009 | ||
| 490 | 0 |
_aLovells Real Estate Quarterly _vAutumn 2009, 9-10(2) |
|
| 520 | _aProspective purchasers of development sites should make a thorough site inspection to check for evidence of public access rights. Looks at public highway registration and land registered as town or village green. Landowners are advised to protect the value of their land by preventing public access in all but the most limited and controlled circumstances. | ||
| 590 | _aKA | ||
| 651 | 4 |
_aEngland and Wales _y1543- |
|
| 690 |
_aBoundary disputes _96221 |
||
| 700 | 1 | _aQuarterman, Hannah | |
| 942 | _n0 | ||
| 999 |
_c82076 _d82076 |
||